000
00354nam a22001337a 4500
003
SGT
020
_a
9789386231062
082
_a
301.2
_b
D17R
100
_a
ऋषि, राज
245
_a
देशभक्ति के पावन तीर्थ
260
_b
प्रभात प्रकाशन
_c
2017
300
_a
190
942
_2
ddc
_c
BK
999
_c
29574
_d
29574